| 000 | 00404 a2200169 4500 | ||
|---|---|---|---|
| 001 | 46371 | ||
| 020 | _a9788575961568 | ||
| 040 | _cAnchieta - Aquarius | ||
| 100 | _aColucci, Maristela | ||
| 240 | 1 | 0 |
_aSub uma viagem ao Brasil submarino _lpor |
| 245 | 1 | 0 | _aSub uma viagem ao Brasil submarino |
| 300 | _a | ||
| 362 | 0 | _a2009 | |
| 440 | 1 | _aGrĂ£o | |
| 650 | 4 | _aLiteratura infanto-juvenil | |
| 942 | _cBK | ||
| 999 |
_c46371 _d46371 |
||